[Event "SV Weidenau/Geisweid 1 - Langenfelder S"]
[Site "NRW-Klasse - Gruppe 4 2019/20"]
[Date "2019.11.03"]
[Round "3.2"]
[White "Send, Sebastian"]
[Black "Kurth, Justus"]
[Result "1-0"]
[WhiteElo "2112"]
[BlackElo "2178"]
[PlyCount "87"]
[EventDate "2019.??.??"]
[SourceVersionDate "2020.03.16"]
[WhiteTeam "SV Weidenau/Geisweid 1"]
[BlackTeam "Langenfelder SF 1"]

1. Nf3 d5 2. c4 c6 3. e3 Nf6 4. b3 Bg4 5. Bb2 e6 6. Qc1 Nbd7 7. Be2 Bd6 8. d4
O-O 9. Nbd2 Qb8 10. h3 Bf5 11. g4 Be4 12. g5 Bxf3 13. Bxf3 Ne8 14. Qc2 a5 15.
c5 Be7 16. h4 b6 17. cxb6 Qxb6 18. Bg4 a4 19. f4 c5 20. O-O f5 21. Be2 a3 22.
Bc3 Rc8 23. Qd3 cxd4 24. Bxd4 Bc5 25. Rac1 Nd6 26. Nf3 Ne4 27. Kg2 Bxd4 28.
Nxd4 Rxc1 29. Rxc1 e5 30. Nxf5 Qe6 31. Qxd5 Qxd5 32. Ne7+ Kf7 33. Nxd5 exf4 34.
Nxf4 Ke7 35. Bd3 Ndc5 36. Bxe4 Nxe4 37. Rc7+ Kd6 38. Ra7 Rc8 39. Rxa3 Rc2+ 40.
Kf3 Nd2+ 41. Kg4 g6 42. Ra6+ Kc5 43. Ra7 Kb6 44. Rxh7 1-0

[Event "SV Weidenau/Geisweid 1 - Langenfelder S"]
[Site "NRW-Klasse - Gruppe 4 2019/20"]
[Date "2019.11.03"]
[Round "3.3"]
[White "Vogelmann, Peter"]
[Black "Scholl, Patrick"]
[Result "1/2-1/2"]
[WhiteElo "2117"]
[BlackElo "1965"]
[PlyCount "57"]
[EventDate "2019.??.??"]
[SourceVersionDate "2020.03.16"]
[WhiteTeam "Langenfelder SF 1"]
[BlackTeam "SV Weidenau/Geisweid 1"]

1. e4 e5 2. Nf3 Nc6 3. Nc3 Nf6 4. d4 exd4 5. Nxd4 Bb4 6. Nxc6 bxc6 7. Bd3 O-O
8. O-O d5 9. exd5 cxd5 10. Bg5 c6 11. Qf3 h6 12. Bxf6 Qxf6 13. Qxf6 gxf6 14.
Ne2 Re8 15. c3 Bf8 16. Ng3 Re5 17. Rae1 Bd7 18. f4 Bc5+ 19. Kh1 Rxe1 20. Rxe1
Bf2 21. Re7 Bxg3 22. hxg3 Rd8 23. f5 Kf8 24. Re2 c5 25. b3 a5 26. Kg1 Bc6 27.
Kf2 Ra8 28. a3 Rb8 29. Bc2 1/2-1/2

[Event "SV Weidenau/Geisweid 1 - Langenfelder S"]
[Site "NRW-Klasse - Gruppe 4 2019/20"]
[Date "2019.11.03"]
[Round "3.4"]
[White "Meinhardt, Michael"]
[Black "Huelsmann, Josef"]
[Result "1/2-1/2"]
[WhiteElo "1997"]
[BlackElo "2143"]
[PlyCount "100"]
[EventDate "2019.??.??"]
[SourceVersionDate "2020.03.16"]
[WhiteTeam "SV Weidenau/Geisweid 1"]
[BlackTeam "Langenfelder SF 1"]

1. c4 e5 2. g3 c6 3. Nf3 e4 4. Nd4 Qb6 5. Nb3 a5 6. d3 Bb4+ 7. Nc3 d5 8. cxd5
cxd5 9. dxe4 dxe4 10. Be3 Bxc3+ 11. bxc3 Qc6 12. Qc2 Nf6 13. Bg2 O-O 14. O-O
Re8 15. Nd4 Qa6 16. Rab1 h6 17. c4 Bd7 18. Nb5 Bxb5 19. Rxb5 Nbd7 20. Rfb1 Rac8
21. Bh3 Rc7 22. Qd2 Ne5 23. Rxe5 Rxe5 24. Qd8+ Ne8 25. Bf4 Qf6 26. Qxf6 gxf6
27. Bxe5 fxe5 28. Rb5 Nd6 29. Rxe5 Rxc4 30. Rxa5 b5 31. Ra6 Rc1+ 32. Kg2 Nc4
33. Bf5 Rc2 34. Bxe4 Rxe2 35. Bd3 Rb2 36. Bxc4 bxc4 37. Rxh6 Rxa2 38. Rc6 Rc2
39. h4 Kg7 40. g4 Rc3 41. f3 Rc1 42. Kg3 c3 43. Kf4 c2 44. Kg5 Rf1 45. Rxc2
Rxf3 46. Rc5 Rf1 47. Rf5 f6+ 48. Kh5 Rxf5+ 49. gxf5 Kh7 50. Kg4 Kh6 1/2-1/2

[Event "SV Weidenau/Geisweid 1 - Langenfelder S"]
[Site "NRW-Klasse - Gruppe 4 2019/20"]
[Date "2019.11.03"]
[Round "3.5"]
[White "Pejkovic, Patrick Slavko"]
[Black "Waechtler, Frank"]
[Result "1-0"]
[WhiteElo "2045"]
[BlackElo "1995"]
[Annotator "Daniel"]
[PlyCount "83"]
[EventDate "2019.??.??"]
[SourceVersionDate "2020.03.16"]
[WhiteTeam "Langenfelder SF 1"]
[BlackTeam "SV Weidenau/Geisweid 1"]

1. e4 Nf6 2. e5 Nd5 3. d4 d6 4. c4 Nb6 5. exd6 cxd6 6. Nc3 g6 7. Be3 Bg7 8. Rc1
O-O 9. d5 e5 10. Qd2 f5 11. Bh6 N8d7 12. Bxg7 Kxg7 13. Nf3 Nf6 14. Be2 h6 15.
O-O g5 16. Qc2 g4 $11 17. Nd2 Nh5 18. g3 Nd7 19. h3 Ndf6 20. hxg4 Nxg4 21. Bxg4
fxg4 22. Nde4 Bf5 23. Qe2 Nf6 24. c5 dxc5 25. Nxc5 Qe7 26. N5e4 Rad8 27. Rfd1
Qf7 28. Nxf6 Qxf6 29. Rd2 Rfe8 30. Ne4 Qg6 31. Rc7+ Kg8 32. Nc3 Rd7 33. Qc4
Red8 34. d6+ Kh8 35. Rxd7 Rxd7 36. Qc5 Qf6 37. Qxa7 h5 38. Qb8+ Kg7 39. Qe8 h4
40. gxh4 Qxh4 41. Qxe5+ Kg6 42. Ne4 1-0

[Event "SV Weidenau/Geisweid 1 - Langenfelder S"]
[Site "NRW-Klasse - Gruppe 4 2019/20"]
[Date "2019.11.03"]
[Round "3.6"]
[White "Dueber, Olaf"]
[Black "Reinemer, Frank"]
[Result "0-1"]
[WhiteElo "1931"]
[BlackElo "2129"]
[Annotator "Daniel"]
[PlyCount "76"]
[EventDate "2019.??.??"]
[SourceVersionDate "2020.03.16"]
[WhiteTeam "SV Weidenau/Geisweid 1"]
[BlackTeam "Langenfelder SF 1"]

1. d4 c5 2. c3 e6 3. Bf4 Nf6 4. e3 Be7 5. Nd2 b6 6. Ngf3 Nh5 7. Bxb8 Rxb8 8.
Qa4 Qc7 9. Bd3 O-O 10. Qc2 g6 11. a3 Bb7 12. Rg1 cxd4 13. cxd4 Rfc8 14. Qxc7
Rxc7 15. Ne4 Nf6 16. Nc3 a6 17. Ke2 b5 18. Nd2 Rbc8 19. Nde4 Nxe4 20. Nxe4 Bd5
21. f3 Bc4 22. Rgd1 a5 23. Bxc4 Rxc4 24. Rd2 $11 b4 25. d5 f5 26. Nf2 Rc2 27.
a4 b3 28. Rad1 Bb4 29. Rxc2 Rxc2+ 30. Kf1 Rxb2 31. dxe6 dxe6 32. Rd3 Rb1+ 33.
Rd1 Rb2 34. Rd3 Kf7 35. Nd1 Rb1 36. Ke2 Ke7 37. Nc3 Bxc3 38. Rxc3 b2 0-1

[Event "SV Weidenau/Geisweid 1 - Langenfelder S"]
[Site "NRW-Klasse - Gruppe 4 2019/20"]
[Date "2019.11.03"]
[Round "3.7"]
[White "Vetter, Herbert"]
[Black "Boyko, Oleksiy"]
[Result "1/2-1/2"]
[WhiteElo "2043"]
[BlackElo "1902"]
[PlyCount "23"]
[EventDate "2019.??.??"]
[SourceVersionDate "2020.03.16"]
[WhiteTeam "Langenfelder SF 1"]
[BlackTeam "SV Weidenau/Geisweid 1"]

1. e4 c6 2. d4 d5 3. Nc3 dxe4 4. Nxe4 Bf5 5. Ng3 Bg6 6. Nf3 Nd7 7. Bd3 e6 8.
O-O Ngf6 9. Re1 Bd6 10. c3 Bxd3 11. Qxd3 O-O 12. Ne4 1/2-1/2

[Event "SV Weidenau/Geisweid 1 - Langenfelder S"]
[Site "NRW-Klasse - Gruppe 4 2019/20"]
[Date "2019.11.03"]
[Round "3.8"]
[White "Piskorz, Andreas"]
[Black "Weisshaupt, Rainer"]
[Result "0-1"]
[WhiteElo "1893"]
[BlackElo "1975"]
[Annotator "Daniel"]
[PlyCount "130"]
[EventDate "2019.??.??"]
[SourceVersionDate "2020.03.16"]
[WhiteTeam "SV Weidenau/Geisweid 1"]
[BlackTeam "Langenfelder SF 1"]

1. Nf3 Nf6 2. b3 d6 3. Bb2 e5 4. d3 g6 5. e3 Bg7 6. Be2 Nc6 7. O-O O-O 8. c4 e4
9. dxe4 Nxe4 10. Qc1 Re8 11. Bxg7 Kxg7 12. Nc3 Nxc3 13. Qxc3+ Qf6 14. Qxf6+
Kxf6 15. Rfd1 Bf5 16. Nd4 Nxd4 17. Rxd4 Be4 18. Rc1 Rad8 19. Rcd1 Bc6 20. c5
Ke7 21. cxd6+ Rxd6 22. Rxd6 cxd6 23. Rc1 a5 24. Kf1 Kd7 25. Bg4+ f5 26. Be2 Re5
27. g4 Bb5 28. Bxb5+ Rxb5 29. g5 Rb4 30. Rc3 Rh4 31. h3 Rxh3 32. Kg2 Rh4 33. f4
$11 h6 34. gxh6 Rxh6 35. b4 axb4 36. Rb3 Rh7 37. Rxb4 Kc6 38. Rb1 b5 39. Rc1+
Kb6 40. Rd1 Rd7 41. Kf3 d5 42. Ke2 Kc5 43. Kd3 Ra7 44. Rc1+ Kd6 45. Rc2 Ra3+
46. Kd4 Ra4+ 47. Kd3 b4 48. Rg2 Kc5 49. Rb2 Ra3+ 50. Ke2 Kc4 51. Rc2+ Rc3 52.
Rd2 Kc5 53. Rb2 Kc4 54. Rd2 Rc1 55. Rb2 d4 56. exd4 Rh1 57. Kf3 Rh3+ 58. Kg2
Rd3 59. Rc2+ Kxd4 60. Rc6 Rd2+ 61. Kf3 Rxa2 62. Rxg6 Ra3+ 63. Kf2 Ke4 64. Rc6
Ra2+ 65. Ke1 Kd3 0-1

[Event "Bergische SF 1 - Godesberger SK 2"]
[Site "NRW-Klasse - Gruppe 4 2019/20"]
[Date "2020.01.12"]
[Round "5.1"]
[White "Mantau, Jan"]
[Black "Bosbach, Stefan"]
[Result "1/2-1/2"]
[WhiteElo "2144"]
[BlackElo "2036"]
[PlyCount "57"]
[EventDate "2020.??.??"]
[SourceVersionDate "2020.03.16"]
[WhiteTeam "Godesberger SK 2"]
[BlackTeam "Bergische SF 1"]

1. e4 e6 2. d3 d5 3. Nd2 Nf6 4. Ngf3 c5 5. g3 Nc6 6. Bg2 Qc7 7. O-O Bd7 8. Re1
dxe4 9. Nxe4 Be7 10. Bf4 Qb6 11. Nd6+ Bxd6 12. Bxd6 O-O-O 13. Nd2 Na5 14. Be5
Bc6 15. Bxc6 Qxc6 16. a3 b6 17. b4 Nb7 18. bxc5 Nxc5 19. Nc4 h5 20. h4 Ne8 21.
Bf4 f6 22. Be3 e5 23. Bxc5 Qxc5 24. Qf3 Qd5 25. Re4 Nd6 26. Nxd6+ Rxd6 27. Qf5+
Kb7 28. a4 Rc8 29. Re2 1/2-1/2

[Event "Bergische SF 1 - Godesberger SK 2"]
[Site "NRW-Klasse - Gruppe 4 2019/20"]
[Date "2020.01.12"]
[Round "5.2"]
[White "Harringer, Manfred"]
[Black "Luebsen, Keno"]
[Result "1/2-1/2"]
[WhiteElo "2021"]
[BlackElo "2120"]
[PlyCount "47"]
[EventDate "2020.??.??"]
[SourceVersionDate "2020.03.16"]
[WhiteTeam "Bergische SF 1"]
[BlackTeam "Godesberger SK 2"]

1. e4 e6 2. d4 d5 3. Nd2 Nf6 4. e5 Nfd7 5. Bd3 c5 6. c3 Nc6 7. Ne2 cxd4 8. cxd4
f6 9. exf6 Nxf6 10. O-O Bd6 11. Nf3 Qc7 12. Bg5 O-O 13. Rc1 Ng4 14. Ng3 g6 15.
Bb1 Qg7 16. h3 Nxf2 17. Kxf2 e5 18. dxe5 Qxe5 19. Kg1 Qxg3 20. Qxd5+ Kg7 21.
Bh4 Qf4 22. Bg5 Qg3 23. Bh4 Qf4 24. Bg5 1/2-1/2

[Event "Bergische SF 1 - Godesberger SK 2"]
[Site "NRW-Klasse - Gruppe 4 2019/20"]
[Date "2020.01.12"]
[Round "5.3"]
[White "Roski, Ferdinand"]
[Black "Heckoetter, Christian"]
[Result "1-0"]
[WhiteElo "2065"]
[BlackElo "1991"]
[PlyCount "82"]
[EventDate "2020.??.??"]
[SourceVersionDate "2020.03.16"]
[WhiteTeam "Godesberger SK 2"]
[BlackTeam "Bergische SF 1"]

1. Nf3 Nf6 2. g3 b6 3. Bg2 Bb7 4. O-O e6 5. c4 c5 6. Nc3 Be7 7. Re1 O-O 8. e4
d6 9. d4 cxd4 10. Nxd4 Qc8 11. b3 a6 12. Be3 Nbd7 13. Rc1 Re8 14. f3 Qc7 15.
Qd2 Rad8 16. Qf2 Rb8 17. g4 Ne5 18. Red1 Nfd7 19. Nde2 Ba8 20. h3 Nc5 21. Rc2
Ncd3 22. Qg3 Nb4 23. Rcd2 b5 24. f4 Ng6 25. cxb5 axb5 26. g5 Nc6 27. h4 b4 28.
Na4 Bf8 29. h5 Nge7 30. Qf2 d5 31. Nb6 d4 32. Nxd4 Qxb6 33. Nxe6 Qa5 34. Nxf8
Rxf8 35. f5 f6 36. gxf6 gxf6 37. Bh6 Rf7 38. Bf1 Ne5 39. Bc4 Nxc4 40. Qg3+ Kh8
41. Qxb8+ Ng8 1-0

[Event "Bergische SF 1 - Godesberger SK 2"]
[Site "NRW-Klasse - Gruppe 4 2019/20"]
[Date "2020.01.12"]
[Round "5.4"]
[White "Weiser, Hans-Josef"]
[Black "Kummer, Wolfram"]
[Result "1/2-1/2"]
[WhiteElo "1965"]
[BlackElo "2031"]
[PlyCount "43"]
[EventDate "2020.??.??"]
[SourceVersionDate "2020.03.16"]
[WhiteTeam "Bergische SF 1"]
[BlackTeam "Godesberger SK 2"]

1. e4 c5 2. Nf3 a6 3. c3 e6 4. d4 d5 5. dxc5 Bxc5 6. exd5 exd5 7. Be2 Ne7 8.
Nbd2 Nbc6 9. Nb3 Ba7 10. O-O Bf5 11. Bf4 O-O 12. Qd2 Qd7 13. Be3 Bxe3 14. Qxe3
Rad8 15. Nfd4 Bg6 16. Qf4 Rfe8 17. Rfe1 Nxd4 18. Nxd4 Nc6 19. Bg4 Rxe1+ 20.
Rxe1 Re8 21. Qd2 Qd8 22. Nxc6 1/2-1/2

[Event "Bergische SF 1 - Godesberger SK 2"]
[Site "NRW-Klasse - Gruppe 4 2019/20"]
[Date "2020.01.12"]
[Round "5.5"]
[White "Hess, Olena"]
[Black "Eilers, Jochen"]
[Result "1/2-1/2"]
[WhiteElo "2049"]
[BlackElo "1978"]
[Annotator "Daniel"]
[PlyCount "50"]
[EventDate "2020.??.??"]
[SourceVersionDate "2020.03.16"]
[WhiteTeam "Godesberger SK 2"]
[BlackTeam "Bergische SF 1"]

1. Nf3 c5 2. c4 g6 3. d4 Nf6 4. Nc3 Bg7 5. e4 cxd4 6. Nxd4 d6 7. Be2 O-O 8. O-O
Nc6 9. Be3 Bd7 10. Qd2 Nxd4 11. Bxd4 Bc6 12. f3 Nd7 13. Be3 a5 14. Rfd1 Nc5 15.
b3 Qb6 16. Rab1 Rfc8 17. Qc2 Bh6 18. Qd2 Bxe3+ 19. Qxe3 Nd7 20. Qxb6 Nxb6 $11
21. a3 Bd7 22. Nd5 Nxd5 23. cxd5 Kf8 24. Kf2 Ke8 25. Ke3 Kd8 1/2-1/2

[Event "Bergische SF 1 - Godesberger SK 2"]
[Site "NRW-Klasse - Gruppe 4 2019/20"]
[Date "2020.01.12"]
[Round "5.6"]
[White "Thelen, Harm-Wulf"]
[Black "Biedekoepper, Robert"]
[Result "1-0"]
[WhiteElo "1946"]
[BlackElo "2016"]
[PlyCount "165"]
[EventDate "2020.??.??"]
[SourceVersionDate "2020.03.16"]
[WhiteTeam "Bergische SF 1"]
[BlackTeam "Godesberger SK 2"]

1. c4 e5 2. g3 c6 3. d4 exd4 4. Qxd4 Qf6 5. Nf3 Na6 6. Bg2 Bb4+ 7. Nbd2 d6 8.
O-O Be6 9. Qd3 d5 10. cxd5 Bxd5 11. e4 Be6 12. Nc4 Rd8 13. Qe2 h6 14. Bf4 Ne7
15. a3 Bxc4 16. Qxc4 Bc5 17. Be5 Qg6 18. b4 Bb6 19. a4 O-O 20. a5 Bc7 21. Bd4
Qxe4 22. Rfe1 Qd5 23. Qc3 Nf5 24. Bxa7 Qd3 25. Qb2 Rfe8 26. Ne5 Qd2 27. Qxd2
Rxd2 28. Nc4 Rdd8 29. Rxe8+ Rxe8 30. Rb1 Nd6 31. Nxd6 Bxd6 32. b5 Nb8 33. a6
cxb5 34. Bxb7 b4 35. Be3 Nxa6 36. Bxa6 Kf8 37. Bc4 Rc8 38. Bd5 Be7 39. Kf1 Rd8
40. Bb3 Ra8 41. Ke2 Rd8 42. Bc4 Rd7 43. Bd2 Rc7 44. Kd3 Rd7+ 45. Kc2 Rc7 46.
Kb3 Rb7 47. Ra1 g5 48. f4 Kg7 49. fxg5 hxg5 50. Ra4 f5 51. Ra8 g4 52. Ra5 Rd7
53. Bxb4 Bxb4 54. Kxb4 Rd2 55. Rxf5 Kg6 56. Rf4 Kg5 57. Be6 Rxh2 58. Rxg4+ Kf6
59. Re4 Rc2 60. g4 Rc6 61. Bf5 Rc1 62. Rc4 Rd1 63. Kc5 Ke5 64. Re4+ Kf6 65. Rd4
Rc1+ 66. Kd5 Ra1 67. Ke4 Kg5 68. Ke5 Re1+ 69. Re4 Ra1 70. Ke6 Ra7 71. Rd4 Ra6+
72. Ke7 Rb6 73. Bd7 Rb7 74. Rd5+ Kg6 75. Rf5 Ra7 76. Rf8 Kg7 77. Rf5 Kg6 78.
Rd5 Rb7 79. g5 Ra7 80. Kf8 Ra8+ 81. Be8+ Kh7 82. g6+ Kh6 83. g7 1-0

[Event "Bergische SF 1 - Godesberger SK 2"]
[Site "NRW-Klasse - Gruppe 4 2019/20"]
[Date "2020.01.12"]
[Round "5.7"]
[White "Mueller-Boge, Michael"]
[Black "Gutt, Oswald"]
[Result "1-0"]
[WhiteElo "1973"]
[BlackElo "1889"]
[PlyCount "43"]
[EventDate "2020.??.??"]
[SourceVersionDate "2020.03.16"]
[WhiteTeam "Godesberger SK 2"]
[BlackTeam "Bergische SF 1"]

1. e4 e5 2. Nf3 Nc6 3. Bc4 Nf6 4. d3 Bc5 5. c3 d6 6. O-O a6 7. a4 h6 8. h3 O-O
9. Re1 Qe7 10. Nbd2 Ba7 11. Bb3 Bd7 12. Nf1 Na5 13. Bc2 Nh5 14. Nxe5 Qxe5 15.
d4 Qf6 16. Qxh5 Nc6 17. Be3 Rfe8 18. Ng3 Nd8 19. Rad1 Qg6 20. Qe2 f6 21. e5 f5
22. Qc4+ 1-0

[Event "Bergische SF 1 - Godesberger SK 2"]
[Site "NRW-Klasse - Gruppe 4 2019/20"]
[Date "2020.01.12"]
[Round "5.8"]
[White "Rosenauer, Horst"]
[Black "Schniggenberg, Gerd"]
[Result "1/2-1/2"]
[WhiteElo "1858"]
[BlackElo "1899"]
[PlyCount "86"]
[EventDate "2020.??.??"]
[SourceVersionDate "2020.03.16"]
[WhiteTeam "Bergische SF 1"]
[BlackTeam "Godesberger SK 2"]

1. e4 e6 2. d4 d5 3. Nc3 Nf6 4. Bg5 Bb4 5. e5 h6 6. exf6 hxg5 7. fxg7 Rg8 8.
Bb5+ Bd7 9. a4 Qf6 10. Nge2 a6 11. Bxd7+ Nxd7 12. O-O Rxg7 13. Qd3 O-O-O 14.
Nd1 Rh8 15. Ne3 Qh6 16. Ng4 Qh5 17. h3 f5 18. Ng3 Qh7 19. Ne5 g4 20. Nxd7 Kxd7
21. Ne2 gxh3 22. g3 h2+ 23. Kh1 Bd6 24. Rae1 Qh5 25. Qe3 Rh6 26. b3 Rg4 27. c4
Re4 28. Qd3 f4 29. Nxf4 Bxf4 30. gxf4 Rxf4 31. Re3 Qf7 32. cxd5 exd5 33. Rh3
Rxh3 34. Qxh3+ Qe6 35. Qh7+ Rf7 36. Qh4 Qf5 37. f3 Rh7 38. Qg3 c6 39. Qb8 Qd3
40. Qxb7+ Kd6 41. Qb8+ Kd7 42. Qb7+ Kd6 43. Qb4+ Kd7 1/2-1/2

[Event "SG Solingen 3 - SG Ennepe-Ruhr-Süd 1"]
[Site "NRW-Klasse - Gruppe 4 2019/20"]
[Date "2020.01.12"]
[Round "5.1"]
[White "Arndt, Stefan"]
[Black "Hobusch, Jan"]
[Result "1/2-1/2"]
[WhiteElo "2145"]
[BlackElo "2180"]
[PlyCount "31"]
[EventDate "2020.??.??"]
[SourceVersionDate "2020.03.16"]
[WhiteTeam "SG Ennepe-Ruhr-Süd 1"]
[BlackTeam "SG Solingen 3"]

1. e4 c6 2. Nc3 d5 3. Nf3 Bg4 4. d4 e6 5. Bd3 Nf6 6. O-O dxe4 7. Nxe4 Nxe4 8.
Bxe4 Nd7 9. c3 Be7 10. Qb3 Qb6 11. Ne5 Nxe5 12. dxe5 Qxb3 13. axb3 a6 14. Be3
O-O-O 15. f3 Bf5 16. Bxf5 1/2-1/2

[Event "SG Solingen 3 - SG Ennepe-Ruhr-Süd 1"]
[Site "NRW-Klasse - Gruppe 4 2019/20"]
[Date "2020.01.12"]
[Round "5.2"]
[White "Berg, Michael"]
[Black "Tripolsky, Eugen"]
[Result "1-0"]
[WhiteElo "2270"]
[BlackElo "2211"]
[PlyCount "47"]
[EventDate "2020.??.??"]
[SourceVersionDate "2020.03.16"]
[WhiteTeam "SG Solingen 3"]
[BlackTeam "SG Ennepe-Ruhr-Süd 1"]

1. d4 Nf6 2. c4 c5 3. d5 b5 4. cxb5 a6 5. b6 e6 6. Nc3 Nxd5 7. Nxd5 exd5 8.
Qxd5 Nc6 9. Nf3 Be7 10. Ne5 O-O 11. Nxc6 dxc6 12. Qxd8 Bxd8 13. Bd2 Rb8 14. e4
Re8 15. f3 f5 16. Bc4+ Be6 17. Bxe6+ Rxe6 18. O-O-O Bf6 19. Ba5 fxe4 20. Rhe1
e3 21. Rd7 Bd8 22. Bc3 Bf6 23. Bxf6 gxf6 24. b7 1-0

[Event "SG Solingen 3 - SG Ennepe-Ruhr-Süd 1"]
[Site "NRW-Klasse - Gruppe 4 2019/20"]
[Date "2020.01.12"]
[Round "5.3"]
[White "Heller, Achim"]
[Black "Kniest, Oliver"]
[Result "1/2-1/2"]
[WhiteElo "2001"]
[BlackElo "2210"]
[PlyCount "50"]
[EventDate "2020.??.??"]
[SourceVersionDate "2020.03.16"]
[WhiteTeam "SG Ennepe-Ruhr-Süd 1"]
[BlackTeam "SG Solingen 3"]

1. d4 Nf6 2. c4 e6 3. Nc3 Bb4 4. Qc2 c5 5. dxc5 Bxc5 6. Nf3 Qb6 7. e3 Qc7 8. a3
a6 9. b4 Be7 10. Bb2 d6 11. Rc1 Nbd7 12. Bd3 b6 13. O-O Bb7 14. Ne4 h6 15.
Nxf6+ Nxf6 16. Nd4 O-O 17. Rfe1 Rac8 18. f3 Qb8 19. Qe2 Bd8 20. Nb3 Nd7 21. Nd2
Bf6 22. Bxf6 Nxf6 23. Rc2 Nd7 24. Rec1 Ne5 25. Be4 Rfd8 1/2-1/2

[Event "SG Solingen 3 - SG Ennepe-Ruhr-Süd 1"]
[Site "NRW-Klasse - Gruppe 4 2019/20"]
[Date "2020.01.12"]
[Round "5.4"]
[White "Wickenfeld, Stefan"]
[Black "Bruchmann, Norbert"]
[Result "0-1"]
[WhiteElo "2193"]
[BlackElo "2017"]
[PlyCount "110"]
[EventDate "2020.??.??"]
[SourceVersionDate "2020.03.16"]
[WhiteTeam "SG Solingen 3"]
[BlackTeam "SG Ennepe-Ruhr-Süd 1"]

1. d4 e6 2. Nf3 f5 3. g3 Nf6 4. Bg2 Be7 5. O-O O-O 6. c4 d6 7. Nc3 a5 8. Rb1
Qe8 9. b3 Ne4 10. Qc2 Nxc3 11. Qxc3 Bf6 12. Bg5 Nd7 13. c5 Bxg5 14. Nxg5 h6 15.
Nh3 d5 16. c6 bxc6 17. Qxc6 Ba6 18. Qxc7 Qe7 19. Rbc1 g5 20. Rfe1 a4 21. Rc6
axb3 22. axb3 Bb5 23. Qd6 Qxd6 24. Rxd6 Kf7 25. Bxd5 exd5 26. Rxd5 Rfb8 27.
Rxf5+ Nf6 28. f4 Bd7 29. Nxg5+ hxg5 30. Rxg5 Bc6 31. Rc1 Ra6 32. Rgc5 Ba8 33.
Re5 Ra7 34. h3 Rxb3 35. Kh2 Rb4 36. g4 Rxd4 37. Kg3 Be4 38. Kh4 Nd7 39. Rh5 Bg6
40. e3 Rd3 41. Rh6 Rxe3 42. Kg5 Bd3 43. f5 Re8 44. Rd1 Rg8+ 45. Kh5 Nf6+ 46.
Kh4 Rd7 47. Rd2 Rd4 48. Rf2 Be4 49. Rf4 Rd3 50. g5 Nd5 51. Rxe4 Ra8 52. f6 Raa3
53. Rh7+ Kg6 54. f7 Rxh3+ 55. Kg4 Rag3# 0-1

[Event "SG Solingen 3 - SG Ennepe-Ruhr-Süd 1"]
[Site "NRW-Klasse - Gruppe 4 2019/20"]
[Date "2020.01.12"]
[Round "5.5"]
[White "Arakelian, Aik"]
[Black "Gupta, Milon"]
[Result "0-1"]
[WhiteElo "2021"]
[BlackElo "2132"]
[PlyCount "44"]
[EventDate "2020.??.??"]
[SourceVersionDate "2020.03.16"]
[WhiteTeam "SG Ennepe-Ruhr-Süd 1"]
[BlackTeam "SG Solingen 3"]

1. e4 d6 2. Nc3 Nf6 3. d4 e5 4. d5 Be7 5. Be2 c6 6. g4 cxd5 7. exd5 O-O 8. Be3
Qa5 9. g5 Ne4 10. Bd2 Nxc3 11. Bxc3 Qa4 12. h4 Qe4 13. Nf3 Bf5 14. Qd3 Nd7 15.
O-O-O Nb6 16. Nd2 Qxh1 17. Qxf5 Qxh4 18. Rg1 g6 19. Qf3 Bxg5 20. Rh1 Qf4 21.
Qh3 h6 22. Kb1 Nxd5 0-1

[Event "SG Solingen 3 - SG Ennepe-Ruhr-Süd 1"]
[Site "NRW-Klasse - Gruppe 4 2019/20"]
[Date "2020.01.12"]
[Round "5.6"]
[White "Borchert, Stephan"]
[Black "Nasoyan, Maksim"]
[Result "1-0"]
[WhiteElo "2085"]
[BlackElo "1984"]
[PlyCount "79"]
[EventDate "2020.??.??"]
[SourceVersionDate "2020.03.16"]
[WhiteTeam "SG Solingen 3"]
[BlackTeam "SG Ennepe-Ruhr-Süd 1"]

1. e4 e5 2. Nf3 Nc6 3. Bb5 a6 4. Ba4 d6 5. d3 Bd7 6. c3 Nf6 7. Nbd2 g6 8. Nf1
Bg7 9. Bg5 O-O 10. Qd2 Ne7 11. Bc2 d5 12. Nxe5 dxe4 13. Nxd7 Qxd7 14. dxe4 Qb5
15. O-O-O h6 16. Bf4 Qc4 17. Kb1 Nxe4 18. Qe3 Nxc3+ 19. bxc3 Bxc3 20. Bb3 Qb4
21. Be5 Bxe5 22. Qxe5 a5 23. Rd4 Qb6 24. Rh4 Nf5 25. Ra4 Rad8 26. Qxa5 Qxf2 27.
Ng3 Nxg3 28. hxg3 Qxg2 29. Rah4 h5 30. Rxh5 Qe4+ 31. Bc2 Qd4 32. R5h4 Qe3 33.
Rh8+ Kg7 34. Rxf8 Rxf8 35. Qxc7 b5 36. Rf1 b4 37. Qf4 Qc5 38. g4 f6 39. Rh1 Qc6
40. Qh6+ 1-0

[Event "SG Solingen 3 - SG Ennepe-Ruhr-Süd 1"]
[Site "NRW-Klasse - Gruppe 4 2019/20"]
[Date "2020.01.12"]
[Round "5.7"]
[White "Schaefer, Martin"]
[Black "Peschel, Andreas"]
[Result "0-1"]
[WhiteElo "1859"]
[BlackElo "2119"]
[PlyCount "122"]
[EventDate "2020.??.??"]
[SourceVersionDate "2020.03.16"]
[WhiteTeam "SG Ennepe-Ruhr-Süd 1"]
[BlackTeam "SG Solingen 3"]

1. d4 g6 2. e4 Bg7 3. Nc3 c6 4. f4 d5 5. e5 Nh6 6. Be3 O-O 7. Qd2 Ng4 8. Bd3 f6
9. Nf3 fxe5 10. fxe5 Nxe3 11. Qxe3 Bf5 12. Bxf5 Rxf5 13. g4 Rf8 14. O-O-O e6
15. h4 h6 16. Rh3 Qe8 17. Ne2 Nd7 18. Kb1 a5 19. Rdh1 Nb6 20. h5 Nc4 21. Qc1 g5
22. b3 Nb6 23. Nxg5 Rf2 24. Ng3 hxg5 25. h6 Bf8 26. Qxg5+ Kh7 27. Nh5 Nd7 28.
Qe3 Qf7 29. g5 Rf1+ 30. Rxf1 Qxf1+ 31. Kb2 a4 32. Qd3+ Qxd3 33. Rxd3 Kg6 34. h7
Kxh7 35. Nf4 a3+ 36. Kc3 Re8 37. Rh3+ Kg8 38. g6 c5 39. dxc5 Nxc5 40. Rh7 Re7
41. b4 Na6 42. Rxe7 Bxe7 43. Nxe6 Nxb4 44. Kb3 Nc6 45. Nc7 d4 46. Nd5 Kg7 47.
Kc4 Kxg6 48. Nxe7+ Nxe7 49. Kxd4 Kf5 50. Kc5 Kxe5 51. Kb4 Kd4 52. Kb3 Nc6 53.
Kxa3 Kc4 54. c3 Kxc3 55. Ka4 Kc4 56. Ka3 b5 57. Kb2 b4 58. Kc2 Nd4+ 59. Kb2 Kb5
60. Kb1 Ka4 61. Kb2 Nb5 0-1

[Event "SG Solingen 3 - SG Ennepe-Ruhr-Süd 1"]
[Site "NRW-Klasse - Gruppe 4 2019/20"]
[Date "2020.01.12"]
[Round "5.8"]
[White "Blasek, Ralph"]
[Black "Heinzemann, Thomas"]
[Result "1/2-1/2"]
[WhiteElo "2062"]
[BlackElo "1980"]
[PlyCount "121"]
[EventDate "2020.??.??"]
[SourceVersionDate "2020.03.16"]
[WhiteTeam "SG Solingen 3"]
[BlackTeam "SG Ennepe-Ruhr-Süd 1"]

1. e4 c5 2. Nf3 e6 3. c3 d5 4. e5 Nc6 5. d4 f6 6. exf6 Nxf6 7. Bd3 Bd6 8. Nbd2
O-O 9. O-O Qc7 10. a3 cxd4 11. cxd4 e5 12. dxe5 Nxe5 13. Be2 Neg4 14. h3 Nxf2
15. Rxf2 Bc5 16. b4 Bxf2+ 17. Kxf2 Ne4+ 18. Nxe4 dxe4 19. Qd5+ Kh8 20. Qxe4 Qc3
21. Be3 Qxa1 22. Bd4 Qa2 23. Qe5 Qf7 24. Bc4 Qf6 25. Qc5 b6 26. Bxf6 bxc5 27.
Be7 Bb7 28. Bxc5 a5 29. Kg3 Bxf3 30. gxf3 axb4 31. axb4 Rfd8 32. Be6 Ra6 33.
Bf5 Kg8 34. Be4 Kf7 35. Kf4 Rh6 36. Kg4 Rf6 37. h4 Re6 38. Bf5 Re5 39. Be4 g6
40. Kf4 Rh5 41. Kg3 Rc8 42. Be3 Rb5 43. Bd2 Rc4 44. Be1 Rbxb4 45. Bxb4 Rxb4 46.
h5 Kf6 47. hxg6 hxg6 48. Kf4 Rb2 49. Kg3 Re2 50. Bd3 Re1 51. Ba6 Rg1+ 52. Kf2
Ra1 53. Bd3 g5 54. Kg3 Ke5 55. Be4 Kd4 56. Kf2 Ra2+ 57. Kg3 Ke3 58. Bd5 Ra1 59.
Kg4 Rg1+ 60. Kf5 Ra1 61. Be4 1/2-1/2

[Event "SV Weidenau/Geisweid 1 - SC Bonn Beuel "]
[Site "NRW-Klasse - Gruppe 4 2019/20"]
[Date "2020.01.12"]
[Round "5.1"]
[White "Haag, Martin"]
[Black "Karthaeuser, Johannes"]
[Result "1-0"]
[WhiteElo "2200"]
[BlackElo "2158"]
[PlyCount "51"]
[EventDate "2020.??.??"]
[SourceVersionDate "2020.03.16"]
[WhiteTeam "SC Bonn Beuel 1"]
[BlackTeam "SV Weidenau/Geisweid 1"]

1. c4 Nf6 2. Nc3 g6 3. e4 d6 4. d4 Bg7 5. Nf3 O-O 6. Be2 e5 7. d5 Nh5 8. g3 f5
9. exf5 gxf5 10. Nxe5 Nxg3 11. hxg3 dxe5 12. Bh6 a5 13. Qd2 Ra6 14. Bxg7 Kxg7
15. O-O-O Raf6 16. Rh4 h6 17. Rdh1 Rh8 18. f4 Nd7 19. g4 Qe7 20. gxf5 Nc5 21.
Qe3 e4 22. d6 Qxd6 23. Nd5 Rxf5 24. Qc3+ Rf6 25. Rg1+ Kf7 26. Bh5+ 1-0